00759nam a2200205 i 450000100060000000300090000600500170001500700030003200800410003510000270007624501040010325000260020726000590023330000200029265000400031270000420035285200240039499900170041895201180043531184ES-MaACL20250815113040.0t|030128m19011902fr ||||1| fre d1 aBehal, Auguste.92704710aTraité de chimie organique / cpar Auguste Behal ; précéde d'une préface de M. Ch. Friedel. a2eme ed. corr. y aum. aParis : bOctave Doin, c1901-1902 (fChartres-Durand) a2 v. ; c25 cm. 7aQuímica orgánica2embne91367991 aFriedel, Charles (d1832-1899)952617 aES-MaACLjB-4820-21 c31184d31184 00104070aATENEOMbATENEOMcSPBd2008-01-17eSCl0oB-4820-21p1032215r2023-02-23 00:00:00w2023-02-23yMONANT